Statistics for Gymnastics World Champions on Vault

Click here to take the quiz!

General Stats

  • This quiz has been taken 870 times
    (123 since last reset)
  • The average score is 51 of 93

Answer Stats

YearRankCountry RepresentedAnswer% Correct
1997SilverChinaZhou Duan
100%
2015BronzeUSASimone Biles
93%
2023SilverUSASimone Biles
93%
2018GoldUSASimone Biles
93%
2019GoldUSASimone Biles
93%
2014SilverUSASimone Biles
93%
2013SilverUSASimone Biles
93%
2021GoldBrazilRebeca Andrade
84%
2023GoldBrazilRebeca Andrade
84%
2006GoldChinaCheng Fei
75%
2007GoldChinaCheng Fei
75%
2005GoldChinaCheng Fei
75%
2013GoldUSAMcKayla Maroney
75%
2011GoldUSAMcKayla Maroney
75%
2022GoldUSAJade Carey
70%
2017SilverUSAJade Carey
70%
2019SilverUSAJade Carey
70%
1996SilverRomaniaSimona Amanar
70%
1999SilverRomaniaSimona Amanar
70%
1997GoldRomaniaSimona Amanar
70%
1995GoldRomaniaSimona Amanar
70%
2010GoldUSAAlicia Sacramone
68%
2006SilverUSAAlicia Sacramone
68%
2007BronzeUSAAlicia Sacramone
68%
2005BronzeUSAAlicia Sacramone
68%
2005SilverUzbekistanOksana Chusovitina
66%
2011SilverGermanyOksana Chusovitina
66%
2003GoldUzbekistanOksana Chusovitina
66%
1991SilverSoviet UnionOksana Chusovitina
66%
2006BronzeGermanyOksana Chusovitina
66%
2002BronzeUzbekistanOksana Chusovitina
66%
1992BronzeSoviet UnionOksana Chusovitina
66%
1993BronzeUzbekistanOksana Chusovitina
66%
2001SilverUzbekistanOksana Chusovitina
66%
2022SilverUSAJordan Chiles
64%
2010SilverRussiaAliya Mustafina
59%
2007SilverNorth KoreaHong Su Jong
59%
2015SilverNorth KoreaHong Un Jong
59%
2013BronzeNorth KoreaHong Un Jong
59%
2014GoldNorth KoreaHong Un Jong
59%
2019BronzeUnited KingdomEllie Downie
57%
1991SilverHungaryHenrietta Onodi
57%
1992GoldHungaryHenrietta Onodi
57%
2003SilverNorth KoreaKang Yun Mi
57%
2015GoldRussiaMaria Paseka
57%
2017GoldRussiaMaria Paseka
57%
2001GoldRussiaSvetlana Khorkina
57%
1994SilverRussiaSvetlana Khorkina
57%
2018BronzeMexicoAlexa Moreno
55%
2017BronzeSwitzerlandGiulia Steingruber
52%
1995GoldUkraineLilia Podkopayeva
52%
1987GoldSoviet UnionElena Shushunova
50%
1985GoldSoviet UnionElena Shushunova
50%
2021BronzeRGF*Angelina Melnikova
48%
1996GoldRomaniaGina Gogean
48%
1994GoldRomaniaGina Gogean
48%
1997BronzeRomaniaGina Gogean
48%
1995BronzeRomaniaGina Gogean
48%
2001BronzeRomaniaAndreea Raducan
45%
1989SilverUSABrandy Johnson
45%
2022BronzeFranceColine Devillard
45%
1999GoldRussiaElena Zamolodchikova
45%
2003SilverRussiaElena Zamolodchikova
45%
2002GoldRussiaElena Zamolodchikova
45%
1991GoldRomaniaLavinia Milosovici
45%
1993SilverRomaniaLavinia Milosovici
45%
1994BronzeRomaniaLavinia Milosovici
45%
2014BronzeUSAMykayla Skinner
45%
2021SilverItalyAsia D'Amato
43%
1992SilverSoviet UnionSvetlana Boginskaya
43%
1985SilverRomaniaEcaterina Szabo
41%
1983SilverRomaniaEcaterina Szabo
41%
2010BronzeBrazilJade Barbosa
41%
2023BronzeSouth KoreaYeo Seojeong
41%
1996BronzeCubaAnnia Portuondo
39%
2009GoldUSAKayla Williams
39%
2018SilverCanadaShallon Olsen
36%
1999BronzeRomaniaMaria Olaru
34%
1981GoldEast GermanyMaxi Gnauck
34%
1987BronzeRomaniaAurelia Dobre
27%
1993GoldBelarusElena Piskun
27%
2011BronzeVietnamThi Ha Thanh Phan
27%
1989SilverRomaniaCristina Bontas
25%
2009BronzeFranceYouna Dufournet
25%
1985BronzeEast GermanyDagmar Kersten
23%
1983SilverRomaniaLavinia Agache
23%
1981BronzeEast GermanySteffi Kraker
23%
2009SilverSwitzerlandAriella Kaeslin
20%
1983GoldBulgariaBoriana Stoyanova
20%
1987SilverRomaniaEugenia Golea
18%
1989GoldSoviet UnionOlesia Dudnik
18%
2002SilverRussiaNatalia Ziganchina
14%
1981SilverSoviet UnionStella Zakharova
14%

Score Distribution

Percentile by Number Answered

Percent of People with Each Score

Your Score History

You have not taken this quiz since the last reset